Formy adaptácie určuje cieľ. 2

Problémy slovenskej ekonomiky. Dosahy zmien vo vonkajšom ekonomickom prostredí. Nevyhnutnosť štrukturálnych zmien v slovenskom hospodárstve. Trhová konkurencia SR. Koordinácia evolučného procesu trhom. Metodické zmeny vnútornej deľby práce.

Na minha lista:
Detalhes bibliográficos
Autor principal: Andrášik, Ladislav
Formato: Capítulo de Livro
Idioma:eslovaco
Assuntos:
Tags: Adicionar Tag
Sem tags, seja o primeiro a adicionar uma tag!

MARC

LEADER 00000naa a2200000 4500
001 r021832
005 20230801105358.8
041 0 |a slo 
044 |a SK 
245 1 0 |a Formy adaptácie určuje cieľ. 2  |c Ladislav Andrášik 
520 |a Problémy slovenskej ekonomiky. Dosahy zmien vo vonkajšom ekonomickom prostredí. Nevyhnutnosť štrukturálnych zmien v slovenskom hospodárstve. Trhová konkurencia SR. Koordinácia evolučného procesu trhom. Metodické zmeny vnútornej deľby práce. 
610 2 0 |a rozvoj hospodársky 
610 2 0 |a Slovensko 
610 2 0 |a prostredie ekonomické 
610 2 0 |a zmeny štruktúrne 
610 2 0 |a konkurencieschopnosť 
610 2 0 |a trh 
610 2 0 |a deľba práce 
100 1 |a Andrášik, Ladislav